01109nam a2200229 i 4500003000400000005001700004008004100021020003800062040002500100082001400125100003100139245007500170264004900245300004500294336002100339337002500360338002300385500001900408520042600427650001200853655001400865OSt20240104102813.0240104s2021 enkao e 001 0 eng d a9781783254873cRM120.00qhardback aPPAKbengcPPAKerda04223a641.51 aGaletti, Monica, eauthor.10aAT HOME :bMy favourite recipes for family & friends /cMONICA GALETTI 1aLondon :bOctopus Publishing, London, c2021 a191 pages :bcolour photographs ;c24 cm atext2rdacontent aunmediated2rdamedia avolume2rdacarrier 6Includes index aMonica Galetti's career has taken her from her home in Samoa and New Zealand to the professional kitchens of London. Her new cookbook, At Home, showcases the easy, everyday dishes she enjoys at home, with family and friends, using simple ingredients that everyone will enjoy. From breakfast time and midweek suppers to celebrations, gatherings and the perfect Sunday lunch, At Home is a celebration of great home cooking.10aCooking 7aCookbooks